| 000 | 01714nam a2200385Ia 4500 | ||
|---|---|---|---|
| 001 | ebr10343528 | ||
| 003 | CaPaEBR | ||
| 006 | m u | ||
| 007 | cr cn||||||||| | ||
| 008 | 090318s2009 ncua sb s001 0ceng d | ||
| 010 | _z 2009011634 | ||
| 020 | _z9780807833001 (cloth : alk. paper) | ||
| 040 |
_aCaPaEBR _cCaPaEBR |
||
| 035 | _a(OCoLC)646846968 | ||
| 050 | 1 | 4 |
_aE663 _b.T53 2009eb |
| 082 | 0 | 4 |
_a324.2732/7 _222 |
| 100 | 1 |
_aTichi, Cecelia, _d1942- |
|
| 245 | 1 | 0 |
_aCivic passions _h[electronic resource] : _bseven who launched progressive America (and what they teach us) / _cCecelia Tichi. |
| 260 |
_aChapel Hill : _bUniversity of North Carolina Press, _cc2009. |
||
| 300 |
_axviii, 382 p. : _bill. |
||
| 504 | _aIncludes bibliographical references and index. | ||
| 533 |
_aElectronic reproduction. _bPalo Alto, Calif. : _cebrary, _d2010. _nAvailable via World Wide Web. _nAccess may be limited to ebrary affiliated libraries. |
||
| 650 | 0 | _aProgressivism (United States politics) | |
| 650 | 0 |
_aPolitical activists _zUnited States _vBiography. |
|
| 650 | 0 |
_aSocial reformers _zUnited States _vBiography. |
|
| 650 | 0 |
_aLeadership _zUnited States _vCase studies. |
|
| 650 | 0 |
_aSocial problems _zUnited States _xHistory _y19th century. |
|
| 650 | 0 |
_aSocial problems _zUnited States _xHistory _y20th century. |
|
| 651 | 0 |
_aUnited States _xHistory _y1865-1921 _vBiography. |
|
| 651 | 0 |
_aUnited States _xPolitics and government _y1865-1933. |
|
| 651 | 0 |
_aUnited States _xSocial conditions _y1865-1918. |
|
| 655 | 7 |
_aElectronic books. _2local |
|
| 710 | 2 | _aebrary, Inc. | |
| 856 | 4 | 0 |
_uhttp://site.ebrary.com/lib/rucke/Doc?id=10343528 _zAn electronic book accessible through the World Wide Web; click to view |
| 999 |
_c49391 _d49391 |
||